000
00349 a2200145 4500
260
_b
Presses médicales européennes
245
_a
Santé et médecines naturelles: le thermalisme
100
_a
Gautrelet, M.
260
_c
1976
300
_a
415 p.
035
_a
9542
999
_c
18675
_d
18675